Qué es el comunismo?
Guardat en:
| Autor principal: | |
|---|---|
| Format: | Llibre |
| Idioma: | espanyol |
| Publicat: |
Santiago
Austral
1972
|
| Col·lecció: | 3a. ed
|
| Matèries: | |
| Etiquetes: |
Afegir etiqueta
Sense etiquetes, Sigues el primer a etiquetar aquest registre!
|
MARC
| LEADER | 00000nam a2200000 a 4500 | ||
|---|---|---|---|
| 001 | UCP7251 | ||
| 003 | CL-VaPUC | ||
| 008 | 991203e19720000CL |||||||||||||||||spa|d | ||
| 082 | 0 | 4 | |a 320.532 |b OIZ |2 21 |
| 100 | |a Oizerman, T. |e autor |9 436767 | ||
| 245 | 1 | 0 | |a Qué es el comunismo? |
| 246 | 1 | 0 | |a Cuándo y por qué surgió el marxismo? |
| 300 | |a 225 p | ||
| 942 | |c BK | ||
| 945 | |d 19991203 00:00:00 |a crobeson | ||
| 260 | |a Santiago |b Austral |c 1972 | ||
| 650 | 0 | |a Ideologías políticas |9 255735 | |
| 650 | 0 | |a Doctrinas políticas |9 255835 | |
| 650 | 0 | |a Comunismo |9 255588 | |
| 650 | 7 | |a MARXISMO |2 CL-VaPUC |9 436768 | |
| 650 | 0 | |a Totalitarismo |9 255261 | |
| 583 | |a last modification |c 19991203 00:00:00 |k Rodrigo Vera | ||
| 490 | 0 | |a 3a. ed | |
| 999 | |c 284559 |d 284557 | ||
| 952 | |0 0 |1 0 |4 0 |6 320_532000000000000_OIZ_1972 |7 0 |8 A |9 328660 |a BIBHIS |b BIBHIS |d 2019-11-20 |i 1372211 |o 320.532 OIZ 1972 |p 1372211 |r 2025-01-20 |w 2019-11-20 |y BK |k HIS | ||